Groups with the Haagerup property : Gromov's a-T-menability
Αποθηκεύτηκε σε:
| Κύριος συγγραφέας: | |
|---|---|
| Μορφή: | Βιβλίο |
| Γλώσσα: | English |
| Δημοσίευση: |
Basel ; Boston :
Birkhäuser,
c2001.
|
| Σειρά: | Progress in mathematics (Boston, Mass.)
; 197 |
| Θέματα: | |
| Ετικέτες: |
Προσθήκη ετικέτας
Δεν υπάρχουν, Καταχωρήστε ετικέτα πρώτοι!
|
MARC
| LEADER | 00000nam a2200000 a 4500 | ||
|---|---|---|---|
| 001 | 1/119689 | ||
| 008 | 190724t2001####sz | ||| |||| ||eng|| | ||
| 020 | |a 9783034894869 | ||
| 040 | |a GR-MyUa |b gre |c GR-MyUa |e AACR2 | ||
| 041 | 0 | |a eng | |
| 082 | 7 | |a 512.2 |2 (23) | |
| 245 | 1 | 0 | |a Groups with the Haagerup property : |b Gromov's a-T-menability / |c Pierre-Alain Cherix ... [κ.ά.]. |
| 260 | |a Basel ; Boston : |b Birkhäuser, |c c2001. | ||
| 300 | |a vii, 126 σ. ; |c 24 εκ. | ||
| 490 | 1 | |a (Progress in mathematics ; |v v. 197) | |
| 504 | |a Βιβλιογραφία : σ. [115] - 123. Ευρετήριο. | ||
| 650 | 0 | |a Group theory. | |
| 700 | 1 | |a Cherix, Pierre-Alain |d 1966- |e aut | |
| 830 | 0 | |a Progress in mathematics (Boston, Mass.) |v ; 197 | |
| 852 | |a INST |b SAMOS |e 20190724 |h 512.2 GRO |p 005300046096 |q 005300046096 |t BK |y 0 | ||
| 922 | |a 3ΕΛΗ |b 2018/12 |c Τμήμα Μαθηματικών-Μεταπτυχιακό |d Bookpath | ||
| 970 | |a Κοσιέρης |b Χρήστος |z 24-07-2019 | ||